000 01636cam a22003011i 4500
003 SA-RiAUC
005 20240919130006.0
008 240909s1983 ku g i f000 0 ara c
040 _aMUFTI
_bara
_cSA-RiAUC
_erda
082 0 4 _a258.2
_qSA-RiAUC
090 _a258.2
_bو ز ا
110 1 _aالكويت.
_bوزارة الأوقاف والشؤون الإسلامية
_eمؤلف.
245 1 0 _aفهرس جواهر الإكليل للآبي :
_bشرح مختصر خليل في الفقه المالكي /
_cوزارة الأوقاف والشؤون الإسلامية.
264 1 _aالكويت :
_bوزارة الأوقاف والشؤون الإسلامية،
_c1983
300 _a412 صفحة ؛
_c24 سم.
336 _aنص
_btxt
_2rdacontent
_3كتاب
337 _aبدون وسيط
_bn
_2rdamedia
338 _aمجلد
_bnc
_2rdacarrier
490 1 _aأعمال موسوعية مساعدة.
_aالفهارس والمعاجم الفقهية ؛
_v5
650 7 _aالفقه المالكي
_vكشافات
_2aucsh
700 1 2 _aالأزهري، صالح عبد السميع الآبي،
_dتوفي 1335 هجري
700 0 2 _aخليل بن إسحاق بن موسى الجندي،
_cالشيخ،
_dتوفي 776 هجري
_tمختصر خليل في فروع الفقه المالكي.
740 0 2 _aمختصر خليل في فروع الفقه المالكي.
740 0 2 _aجواهر الإكليل : شرح مختصر خليل في الفقه المالكي.
830 0 _aأعمال موسوعية مساعدة.
_pالفهارس والمعاجم الفقهية
_v5
942 _2ddc
_cBOOK
949 _aSA-JeALM
_d240909
_umohamedma123
_n1
999 _c128
_d128